000 00606nam a2200181Ia 4500
008 100917s9999 xx 000 0 und d
082 _b23841
100 _aआपटे हरि नारायण
245 _aकालकूट (आवृत्ती 3 री)
260 _bश्रीविद्या प्रकाशन
_c1964
300 _a124
365 _b1.5
520 _aकादंबरी
630 _aकालकूट (आवृत्ती 3 री)
650 _aकादंबरी
730 _aकालकूट (आवृत्ती 3 री)
942 _cBOOK
999 _c629235
_d629232